| 000 | 01108nam a22003737a 4500 | ||
|---|---|---|---|
| 001 | 0074 | ||
| 003 | DO-SdBNP | ||
| 005 | 20161202133749.0 | ||
| 007 | 0074 | ||
| 008 | 151005b sp 1989 xxu||||| |||| 00| 0 spa d | ||
| 020 | _a9788476555590 | ||
| 040 |
_aBPMSU _bspa _cBPMSU |
||
| 082 |
_a930 _bC337m, 1989 |
||
| 100 | 1 | 0 | _aCaselli, Giovanni |
| 245 | 1 | 0 |
_aMaravillas del mundo / _cGiovanni Caselli ; ilustradores Mark Bergin, Nicolas Hewtson, John James; traducción Javier Gómez Rea |
| 250 | _a2a ed. | ||
| 260 | 0 |
_a[España] : _bPlaza joven, _c1989 |
|
| 300 |
_a64 p. _bil. _c29 cm. |
||
| 490 | 1 | _aVentana al mundo | |
| 500 | _aIncluye índice de nombres | ||
| 650 | 4 | _aSIETE MARAVILLAS DEL MUNDO | |
| 650 | 4 | _aARTE ANTIGUO | |
| 650 | 4 | _aCURIOSIDADES | |
| 650 | 4 | _aMONUMENTOS | |
| 650 | 4 | _aEDIFICIOS HISTORICOS | |
| 700 | 1 | 0 |
_aBergin, Mark, _eil. |
| 700 | 1 | 0 |
_aHewetson, Nicholas, _eil. |
| 700 | 1 | 0 |
_aJames, John, _eil. |
| 700 | 1 | 0 |
_aGómez Rea, Javier, _etr. |
| 830 | 0 | 0 | _aVentana al mundo |
| 910 | _aValidado. Control de calidad MFF | ||
| 942 |
_2ddc _cBK |
||
| 956 | _aBrenda Tavárez | ||
| 999 |
_c8330 _d8330 |
||